<?xml version="1.0" encoding="UTF-8"?>
<collection xmlns="http://www.loc.gov/MARC21/slim">
<record>
  <controlfield tag="001">6332</controlfield>
  <controlfield tag="005">20230202125150.0</controlfield>
  <datafield tag="037" ind1=" " ind2=" ">
    <subfield code="a">SCART-2023-0108</subfield>
  </datafield>
  <datafield tag="100" ind1=" " ind2=" ">
    <subfield code="a">Van den Broeck, laura</subfield>
  </datafield>
  <datafield tag="245" ind1=" " ind2=" ">
    <subfield code="a">LEARN TO THINK: DEVELOPING A CROSS- CURRICULAR TEACHING METHOD TO ENHANCE CRITICAL THINKING IN THE FIRST STAGE OF SECUNDARY EDUCATION</subfield>
  </datafield>
  <datafield tag="260" ind1=" " ind2=" ">
    <subfield code="c">2022</subfield>
  </datafield>
  <datafield tag="520" ind1=" " ind2=" ">
    <subfield code="a">Especially in times of fake news and populism, critical thinking is a key skill for students to master. In the ongoing “Redeneerling”-project, a cross-curricular teaching method is developed aiming to stimulate the critical thinking skills of students through dialogue, focusing on argumentation skills, recognition of logical fallacies, and analysis of sources. Following the principles of education-design research, the “Redeneerling”-teaching method is developed and evaluated in different cycles in cooperation with interdisciplinary Teacher Design Teams. The goal of this practical research project is to formulate the design principles of the cross-disciplinary critical thinking approach. In addition, we aim to identify the teacher’s attitude towards the teaching method. Interviews and observations allow us to discuss how some critical thinking skills are easier implemented into specific school subjects than others. The discussion includes the role of visualization and vocabulary necessary to link these skills across different subjects. Preliminary findings show how teachers appreciate the approach as it helps them to stimulate argumentation and reflection among students.</subfield>
  </datafield>
  <datafield tag="594" ind1=" " ind2=" ">
    <subfield code="a">NO</subfield>
  </datafield>
  <datafield tag="700" ind1=" " ind2=" ">
    <subfield code="a">De Wachter, Sara</subfield>
  </datafield>
  <datafield tag="700" ind1=" " ind2=" ">
    <subfield code="a">Sermeus, Jan</subfield>
  </datafield>
  <datafield tag="700" ind1=" " ind2=" ">
    <subfield code="a">De Schrijver, jelle</subfield>
  </datafield>
  <datafield tag="773" ind1=" " ind2=" ">
    <subfield code="p">EAPRIL 2021 CONFERENCE PROCEEDINGS</subfield>
    <subfield code="y">2022</subfield>
    <subfield code="c">206-215</subfield>
  </datafield>
  <datafield tag="856" ind1="0" ind2=" ">
    <subfield code="f">jan.sermeus@planetarium.be</subfield>
  </datafield>
  <datafield tag="856" ind1="4" ind2=" ">
    <subfield code="s">700765</subfield>
    <subfield code="u">http://publi2-as.oma.be/record/6332/files/2022_vandenbroeck_proceedings_EAPRIL2021_cut.pdf</subfield>
  </datafield>
  <datafield tag="856" ind1="4" ind2=" ">
    <subfield code="s">5856</subfield>
    <subfield code="u">http://publi2-as.oma.be/record/6332/files/2022_vandenbroeck_proceedings_EAPRIL2021_cut.gif?subformat=icon</subfield>
    <subfield code="x">icon</subfield>
  </datafield>
  <datafield tag="856" ind1="4" ind2=" ">
    <subfield code="s">8556</subfield>
    <subfield code="u">http://publi2-as.oma.be/record/6332/files/2022_vandenbroeck_proceedings_EAPRIL2021_cut.jpg?subformat=icon-180</subfield>
    <subfield code="x">icon-180</subfield>
  </datafield>
  <datafield tag="905" ind1=" " ind2=" ">
    <subfield code="a">published in</subfield>
  </datafield>
  <datafield tag="980" ind1=" " ind2=" ">
    <subfield code="a">NONREF</subfield>
  </datafield>
</record>
</collection>